LEADER 03650nam a2200865 i 4500
001 nkc20203171908
003 CZ PrNK
005 20230227235013.0
007 ta
008 200120s2019 xr e 000 0 cze
015 |a cnb003171908 
020 |a 978-80-7621-025-7  |q (brožováno) 
035 |a (OCoLC)1143819799 
040 |a OLA001  |b cze  |d ABA001  |e rda 
043 |a e-xr---  |b e-xr-ol  |2 czenas 
045 |a y0y2 
072 7 |a 364-1/-7  |x Druhy sociální pomoci a služeb  |2 Konspekt  |9 18 
080 |a 316.344.6-056.36  |2 MRF 
080 |a 316.362.71:316.344.6-056.26/.3-053.2  |2 MRF 
080 |a 616-07-084  |2 MRF 
080 |a 364-787.24  |2 MRF 
080 |a 364-7  |2 MRF 
080 |a 376.1  |2 MRF 
080 |a 616.1/.9-052-07/-08  |2 MRF 
080 |a (437.325)  |2 MRF 
080 |a (082)  |2 MRF 
100 1 |a Vočka, Zbyněk,  |d 1975-  |7 mzk2013745920  |4 aut  |4 edt 
245 1 0 |a Podpora osob s autismem a jejich rodin v Olomouckém kraji /  |c texty: Zbyněk Vočka, Daniela Zmeškalová, Pavla Matyášová, Veronika Němečková, Markéta Jandeková, Hana Vykydalová, Petr Matuška, Petra Šnirchová, Radka Vysloužilová, Kateřina Lamačová, Petra Ambrosová, Hana Kroupová, Alena Kohoutová Šedivá 
250 |a Vydání první 
264 1 |a Olomouc :  |b Olomoucký kraj,  |c 2019 
300 |a 85 stran ;  |c 21 cm 
336 |a text  |b txt  |2 rdacontent 
337 |a bez média  |b n  |2 rdamedia 
338 |a svazek  |b nc  |2 rdacarrier 
500 |a Název z obálky 
500 |a 1000 výtisků 
504 |a Obsahuje bibliografické odkazy 
648 7 |a 2001-2020  |7 ch460601  |2 czenas 
650 0 7 |a osoby s autismem  |7 ph323410  |z Česko  |y 2001-2020  |2 czenas 
650 0 7 |a rodiny s dětmi s postižením  |7 ph757159  |z Česko  |y 2001-2020  |2 czenas 
650 0 7 |a screening (lékařství)  |7 ph389986  |z Česko  |2 czenas 
650 0 7 |a raná péče  |7 ph867424  |z Česko  |2 czenas 
650 0 7 |a sociální služby  |7 ph125812  |z Česko  |2 czenas 
650 0 7 |a speciální školství  |7 ph125901  |z Česko  |2 czenas 
650 0 7 |a kazuistiky (lékařství)  |7 ph122501  |z Česko  |2 czenas 
650 0 9 |a people with autism  |z Czechia  |y 2001-2020  |2 eczenas 
650 0 9 |a families with children with disabilities  |z Czechia  |y 2001-2020  |2 eczenas 
650 0 9 |a medical screening  |z Czechia  |2 eczenas 
650 0 9 |a early intervention  |z Czechia  |2 eczenas 
650 0 9 |a social service  |z Czechia  |2 eczenas 
650 0 9 |a special education  |z Czechia  |2 eczenas 
650 0 9 |a casuistry (medicine)  |z Czechia  |2 eczenas 
651 7 |a Olomouc (Česko : oblast)  |7 ge128534  |2 czenas 
651 9 |a Olomouc Region (Czechia)  |2 eczenas 
655 7 |a sborníky  |7 fd163935  |2 czenas 
655 9 |a papers of several authors  |2 eczenas 
700 1 |a Zmeškalová, Daniela  |7 xx0211319  |4 aut 
700 1 |a Matyášová, Pavla  |7 ola2016913899  |4 aut 
700 1 |a Němečková, Veronika  |4 aut 
700 1 |a Jandeková, Markéta  |4 aut 
700 1 |a Vykydalová, Hana  |4 aut  |4 edt 
700 1 |a Matuška, Petr  |7 xx0195706  |4 aut 
700 1 |a Šnirchová, Petra  |4 aut 
700 1 |a Vysloužilová, Radka  |4 aut 
700 1 |a Lamačová, Kateřina  |4 aut 
700 1 |a Ambrosová, Petra  |4 aut 
700 1 |a Kroupová, Hana  |4 aut 
700 1 |a Kohoutová Šedivá, Alena  |4 aut 
856 4 1 |u http://www.digitalniknihovna.cz/mzk/uuid/uuid:90515130-7164-11ed-bcd9-5ef3fc9bb22f  |y Digitalizovaný dokument  |x NDK 
910 2 |a BOA001  |b 2-1442.219 
990 |a BK 
995 |a 01 
991 |b 202001  |c NOV 
996 6 |b 2610812930  |c 2-1442.219  |l MZK  |r Sklad / do 1 hodiny  |n 1  |p p.v.  |w 001778285  |u 000010  |a 1  |e BOA001  |j MZK50  |s P 
996 7 |b 2610812931  |c 2-1442.219  |l MZK  |r Sklad / do 1 hodiny  |n 1  |p dar  |w 001778285  |u 000020  |a 1  |e BOA001  |j MZK50  |s A